[Event "Velika Gorica op 11th"]
[Site "Velika Gorica"]
[Date "2013.08.26"]
[Round "6"]
[White "Novosel, Krunoslav"]
[Black "Doric, Nenad"]
[Result "1/2-1/2"]
[WhiteElo "2018"]
[BlackElo "2290"]
[PlyCount "55"]
[EventDate "2013.08.19"]
[EventType "swiss"]
[EventRounds "9"]
[EventCountry "CRO"]
[SourceTitle "CBM 156 Extra"]
[Source "ChessBase"]
[SourceDate "2013.10.22"]
[SourceVersion "1"]
[SourceVersionDate "2013.10.22"]
[SourceQuality "1"]

1. d4 d6 2. g3 Nf6 3. Bg2 g6 4. e4 Bg7 5. Ne2 0-0 6. 0-0 e5 7. Nbc3 Nc6 8. dxe5 Nxe5 9. h3 Re8 10. Nf4 Bd7 11. Nd3 Qc8 12. Nxe5 Rxe5 13. Bf4 Re8 14. Kh2 Bc6 15. Qd3 Nd7 16. Rae1 a6 17. b4 Ne5 18. Bxe5 Rxe5 19. Nd5 Bxd5 20. exd5 Qe8 21. Rxe5 Bxe5 22. Qc4 Rc8 23. f4 Bg7 24. f5 Qe5 25. fxg6 hxg6 26. a4 Qd4 27. Qxd4 Bxd4 28. Rf4 1/2-1/2

[Event "SLO-chT2 Ost"]
[Site "Slovenia"]
[Date "2010.05.29"]
[Round "2"]
[White "Novosel, Krunoslav"]
[Black "Vuk, Joze"]
[Result "0-1"]
[WhiteElo "2015"]
[BlackElo "2000"]
[PlyCount "52"]
[EventDate "2010.05.29"]
[EventType "team-tourn"]
[EventRounds "9"]
[EventCountry "SLO"]
[SourceTitle "EXT 2022"]
[Source "ChessBase"]
[SourceDate "2021.10.06"]
[SourceVersion "1"]
[SourceVersionDate "2021.10.06"]
[SourceQuality "1"]

1. e4 e6 2. d4 d5 3. e5 c5 4. c3 Nc6 5. Nf3 Bd7 6. a3 Rc8 7. b4 cxd4 8. cxd4 Nge7 9. Bb2 Nf5 10. g4 Nh4 11. Bd3 Ng2+ 12. Kf1 Nf4 13. Qd2 Nxd3 14. Qxd3 a6 15. Kg2 Ne7 16. Nc3 Ng6 17. Qd2 Be7 18. Ne2 0-0 19. Rac1 Bb5 20. Rxc8 Qxc8 21. Rc1 Qd7 22. Ng3 f6 23. Nh5 fxe5 24. dxe5 Qe8 25. Bd4 Qf7 26. Qe3 Qxf3+ 0-1

[Event "SLO-chT2 East"]
[Site "Brezice Maribor"]
[Date "2008.06.07"]
[Round "3"]
[White "Kosic, Branko"]
[Black "Novosel, Krunoslav"]
[Result "1-0"]
[WhiteElo "1842"]
[BlackElo "2040"]
[PlyCount "65"]
[EventDate "2008.10.24"]
[EventType "team-tourn"]
[EventRounds "9"]
[EventCountry "SLO"]
[SourceTitle "EXT 2010"]
[Source "ChessBase"]
[SourceDate "2010.11.25"]
[SourceVersion "1"]
[SourceVersionDate "2010.11.25"]
[SourceQuality "1"]

1. e4 c6 2. Nf3 d5 3. exd5 cxd5 4. d4 Nc6 5. c4 Nf6 6. h3 e6 7. Nc3 Bb4 8. a3 Be7 9. Bf4 0-0 10. c5 b6 11. b4 bxc5 12. bxc5 Qa5 13. Bd2 Qc7 14. Nb5 Qd8 15. Bf4 Ne4 16. Bc7 Qd7 17. Ne5 Nxe5 18. Bxe5 f6 19. c6 Qxc6 20. Rc1 Qd7 21. Bh2 a6 22. Qa4 e5 23. f3 Nd6 24. Nc3 Qe6 25. dxe5 fxe5 26. Be2 Bg5 27. Rd1 d4 28. Ne4 Be3 29. Qc6 Qh6 30. Qxd6 Qh4+ 31. g3 Qxh3 32. Bc4+ Kh8 33. Qxf8# 1-0

[Event "SLO-chT2 East"]
[Site "Brezice Maribor"]
[Date "2008.05.24"]
[Round "1"]
[White "Vohl, Gregor"]
[Black "Novosel, Krunoslav"]
[Result "0-1"]
[WhiteElo "1706"]
[BlackElo "2040"]
[PlyCount "68"]
[EventDate "2008.10.24"]
[EventType "team-tourn"]
[EventRounds "9"]
[EventCountry "SLO"]
[SourceTitle "EXT 2010"]
[Source "ChessBase"]
[SourceDate "2010.11.25"]
[SourceVersion "1"]
[SourceVersionDate "2010.11.25"]
[SourceQuality "1"]

1. e4 c6 2. d4 d5 3. Nc3 dxe4 4. Nxe4 Bf5 5. Ng3 Bg6 6. Nf3 Nd7 7. Bc4 e6 8. 0-0 Bd6 9. Qe2 Ngf6 10. c3 Qc7 11. Re1 0-0 12. Nh4 c5 13. Nxg6 hxg6 14. dxc5 Bxc5 15. b4 Bd6 16. Bb2 Rac8 17. Bb3 Nb6 18. Rad1 Nfd5 19. Qf3 Nc4 20. Bxc4 Qxc4 21. Ne4 Be7 22. Rd2 b5 23. h4 Nf6 24. Ba1 Rfd8 25. Rxd8+ Rxd8 26. Nxf6+ Bxf6 27. h5 gxh5 28. Qxh5 Rd5 29. Qf3 Qxa2 30. c4 Rf5 31. Qa8+ Kh7 32. Qe4 Qxf2+ 33. Kh1 g6 34. g4 Rf3 0-1

[Event "SLO-chT2 East"]
[Site "Brezice Maribor"]
[Date "2007.10.20"]
[Round "7"]
[White "Tomazini, Aljosa"]
[Black "Novosel, Krunoslav"]
[Result "1-0"]
[WhiteElo "2015"]
[BlackElo "1763"]
[PlyCount "97"]
[EventDate "2007.05.26"]
[EventType "team-tourn"]
[EventRounds "9"]
[EventCountry "SLO"]
[SourceTitle "EXT 2010"]
[Source "ChessBase"]
[SourceDate "2010.11.25"]
[SourceVersion "1"]
[SourceVersionDate "2010.11.25"]
[SourceQuality "1"]

1. e4 c6 2. d4 d5 3. e5 c5 4. dxc5 Nc6 5. Bb5 e6 6. Be3 Nge7 7. c3 Bd7 8. Bxc6 Nxc6 9. Nf3 Qc7 10. Bd4 Nxd4 11. cxd4 b6 12. cxb6 Qxb6 13. Qb3 Qa6 14. Nc3 Be7 15. h4 0-0 16. Qc2 f6 17. exf6 Bxf6 18. Ng5 Bxg5 19. hxg5 g6 20. g3 Rf3 21. Qe2 Rd3 22. Rd1 Rxd1+ 23. Kxd1 Qb6 24. Qd2 Rb8 25. Kc1 a5 26. f4 Rc8 27. Qh2 h5 28. gxh6 Qxd4 29. Qd2 Qf6 30. Kb1 Kh7 31. Ka1 Rc4 32. Qc2 a4 33. a3 Bc6 34. Qe2 Bb7 35. Re1 Bc8 36. Qf2 Qf7 37. Qd2 Qd7 38. Ne2 Qc7 39. Rd1 Qc5 40. Nd4 Qb6 41. Nf3 Kxh6 42. Qh2+ Kg7 43. Rh1 Kf6 44. Ne5 Ke7 45. Qh4+ Kd6 46. Nxc4+ dxc4 47. Rd1+ Kc5 48. Qe7+ Kb5 49. Qb4+ 1-0